000 00768nam a2200277Ia 4500
003 OSt
005 20220912150448.0
006 a|||||r|||| 00| 0
007 ta
008 220909b |||||||| |||| 00| 0 eng d
020 _a0470843071
024 _a1291
037 _cTextbook
040 _aCSL
_beng
_cCSL
041 _aeng
082 _aLZ3:(E), P3-;1 TL
100 _aThomas Gareth
245 0 _aFundamentals of medicinal chemistry
260 _aChichester
_bJohn Wiley & Sons
_c2003
300 _axv, 285p.
_ccm.
500 _aAppendix 1-12, 239-260p.
_ccm.; Index 275-285p.
_ccm.
650 _a Medicinal chemistry
650 _aChemistry
942 _hLZ3:(E), P3-;1 TL
_cTB
_2CC
999 _c47988
_d47988